000 00354nam a2200145Ia 4500
008 220214s9999 xx 000 0 und d
100 _aPaliv
245 3 _aAn Algal parasite (Cephaleuros Kunze) on arecanut palm
260 _bArecanut Journal
300 _a17-19
650 _aArecanut
650 _aParasite
700 _a
_Radha Menon
942 _cRE
999 _c46201
_d46201